000 00460nam a2200157 a 4500
001 000049193
005 20201002061726.0
008 190726s1997 dr 000 spa d
040 _aDO-SdBNP
_bspa
_cBNPHU
082 _axxx
_bC669
245 0 _aCódigo civil y compendio de legislación complementaria.
250 _a9a. ed.
260 _aSanto Domingo :
_bImpresora Soto Castillo,
_c1997.
300 _a645 p. ;
_c21.5 cm.
590 _aInventariado, 2019 / DG
999 _c48681
_d48681